000 01018nam a2200325Ia 4500
001 98014
003 IT-RoPAU
008 130308s9999 xx 000 0 und d
040 _aIT-RoPAU
040 _cIT-RoPAU
041 _aITALIANO
100 _aAA.VV.
100 _gCodice Aut. SPICS: 12000
245 _aRiforma religiosa e arti nell'epoca carolingia
245 _bRiforma Religiosa e Arti nell'epoca Carolingia
250 _a1a ed.
260 _aBOLOGNA
260 _bClueb
260 _c1983 [1° Ed.:1983 - Ed.Ling.Originale:1983]
300 _a"220 p. (prefazione: 6; testo: 214 [pagine: 0-0])"
500 _aAtti del Xxiv congresso internazionale di Storia dell'arte . contributi di Autori vari e in varie Lingue. in Appendice 96 Illustrazioni con Relativa Didascalia.
650 _aSTORIA DELLE ARTI VISIVE
650 _eCodice materia Spics: 5008
700 _aSchmid Alfred A.
700 _gCodice Aut. SPICS: 17138
942 _cBK
957 _71
999 _c68611
_d68611
999 _bSI
999 _g1